| 000 | 00602nam a2200205 4500 | ||
|---|---|---|---|
| 003 | OSt | ||
| 005 | 20240621122237.0 | ||
| 008 | 240621b |||||||| |||| 00| 0 eng d | ||
| 040 |
_aDDC _cMUST |
||
| 082 |
_222 _a531 GER 1987 |
||
| 100 |
_aGere James M. _917582 |
||
| 245 |
_aMechanics of Materials _cJames m. Gere and Stephen P. Timoshenko |
||
| 250 | _a3rd ed. | ||
| 260 |
_aLondon _bChapman and Hall _cc1987 |
||
| 300 |
_axxii,807p.; _bill: _c23cm |
||
| 504 | _aincludes appendices and subject indexes | ||
| 650 |
_aEngineering _9373 |
||
| 700 |
_aTimoshenko, Stephen P _917583 |
||
| 942 |
_2ddc _cO_SHELF |
||
| 999 |
_c8696 _d8696 |
||